El hombre, la tierra y los alimentos: una mirada a las futuras necesidades de alimentos
Spremljeno u:
| Glavni autor: | |
|---|---|
| Format: | Knjiga |
| Jezik: | španjolski |
| Izdano: |
Ciudad de México, México
UTEHA
1967
|
| Serija: | Manuales Uteha, Sección 20, Agricultura y Ganadería.
358 |
| Teme: | |
| Oznake: |
Dodaj oznaku
Bez oznaka, Budi prvi tko označuje ovaj zapis!
|
MARC
| LEADER | 00000nam a2200000 a 4500 | ||
|---|---|---|---|
| 001 | UCT3756 | ||
| 003 | CL-VaPUC | ||
| 005 | 20240930152307.0 | ||
| 008 | 961031e19670000MX |||||||||||||||||spa|d | ||
| 999 | |c 253304 |d 253302 | ||
| 040 | |c Pontificia Universidad Católica de Valparaíso | ||
| 082 | 0 | 4 | |a 338.19 BRO 1967 |2 21 |
| 100 | 0 | |a Brown, Lester R |9 372771 | |
| 245 | 1 | 3 | |a El hombre, la tierra y los alimentos: una mirada a las futuras necesidades de alimentos |
| 260 | 0 | 3 | |a Ciudad de México, México |b UTEHA |c 1967 |
| 300 | |a 249 páginas | ||
| 490 | 0 | |a Manuales Uteha, Sección 20, Agricultura y Ganadería. |v 358 | |
| 583 | |a last modification |c 19961031 00:00:00 |k Rodrigo Vera | ||
| 650 | 0 | |a Alimentos |9 256203 | |
| 650 | 0 | |a Problemas sociales |9 258537 | |
| 650 | 0 | |a Nutrición |9 259434 | |
| 650 | 7 | |a DENSIDAD DE POBLACION |2 CL-VaPUC |9 372772 | |
| 650 | 0 | |a Poblaciones |9 338556 | |
| 650 | 7 | |a TAMAÑO DE LA POBLACION |2 CL-VaPUC |9 372773 | |
| 650 | 7 | |a CRECIMIENTO DE LA POBLACION |2 CL-VaPUC |9 372774 | |
| 650 | 0 | |a Recursos naturales |9 255232 | |
| 650 | 0 | |a Agricultura |9 255598 | |
| 942 | |c BK |2 ddc | ||
| 945 | |d 19961031 00:00:00 |a cmena | ||
| 952 | |0 0 |1 0 |2 ddc |4 0 |6 338_190000000000000_BRO_1967 |7 0 |8 A |9 273981 |a BIBCUR |b BIBCUR |d 2019-11-19 |i 1772872 |o 338.19 BRO 1967 |p 1772872 |r 2025-04-22 |t 1 |w 2019-11-19 |y BK |k BIO | ||